Palenque, primer pueblo libre de América (Registro nro. 28108)

Detalles MARC
000 -ENCABEZADO
Número de control [NR] 00632nam a2200169Ia 4500
008 - DE LONGITUD FIJA DE DATOS DE ELEMENTOS - INFORMACIÓN GENERAL
Elementos de longitud fija [NR] 130821s1986 ck gr spa
040 ## - FUENTE DE CATALOGACION [NR]
Agencia de catalogación original [NR] Co-BoUCM
Idioma de catalogación [NR] spa
041 00 - CODIGO DE IDIOMA [R]
Código de idioma para texto/pista de sonido o título separado [R] Español
100 1# - ASIENTO PRINCIPAL--NOMBRE PERSONAL [NR]
Nombre personal [NR] Arrazola Caicedo, Roberto
ID Autoridad 157604
245 10 - MENCION DE TITULO [NR]
Título [NR] Palenque, primer pueblo libre de América
Mención de responsabilidad, etc. [NR] Roberto Arrazola Caicedo.
260 ## - PUBLICACION, DISTRIBUCION, ETC. (PIE DE IMPRENTA) [R]
Lugar de publicación, distribución, etc. [R] Bogotá (Colombia)
Nombre del editor, distribuidor, etc. [R] Cámara de Representantes
Fecha de publicación, distribución, etc. [R] 1986
300 ## - DESCRIPCION FISICA [R]
Extensión [R] 220 páginas
651 #4 - ASIENTO SECUNDARIO DE MATERIA - NOMBRE GEOGRAFICO [R]
Nombre geográfico [NR] Palenque de San Basilio (Bolívar, Colombia)
Subdivisión general [R] Historia
9 (RLIN) 73959
710 2# - ASIENTO SECUNDARIO - NOMBRE CORPORATIVO [R]
Nombre corporativo o de jurisdicción como elemento de entrada [NR] Colombia.
Unidad subordinada [R] Camara de Representantes
9 (RLIN) 79140
942 ## - ELEMENTOS DE ENTRADA AGREGADOS (KOHA)
Tipo de ítem principal el descrito en 300a Libro
Tema principal Historia
Edición 1
Parte restante de la signatura top. A77
Sistema de clasificación DEWEY
Clasificación 986.861142
Existencias
Fecha de último préstamo Total préstamos Total Renewals Signatura topográfica Código de barras Última vez visto Ejemplar Price effective from Tipo de ítem Perdido Sistema de clasificación Dañado No prestable Tipo de ítem específico Suprimido Ubicación habitual Ubicación actual Localización Fecha de creación Forma de adquisición Costo
08/02/2018 4 1 986.861142 A77 100125387 09/12/2025 Ej.2 03/02/2013 Libro   DEWEY     Libro   Claustro Claustro 2do piso 28/02/2013 Compra 43800.00